Pays de A à Z - Statistiques

Statistiques générales
  • Ce quiz a été pris 1 787 fois
    1 778 depuis la dernière actualisation
  • Le résultat moyen est 22 sur 24
Statistiques - réponses
Lettres Indices Réponses % Correct
B Football / Carnaval Brésil
99%
D Groënland / Sirène Danemark
98%
E Gizeh / Sphynx / Phare Egypte
97%
F Laponie / Fjords Finlande
97%
G Dieux / Démocratie Grèce
97%
H Budapest / Danube Hongrie
97%
J Bob Marley / Usain Bolt Jamaïque
97%
Q Coupe du Monde 2022 / Riche Qatar
96%
S Montre / Chocolat Suisse
96%
T Empire Ottoman / Implants / Kebab Turquie
95%
I Milliard / Gange / Gandhi Inde
94%
Y Guerre / Moyen-Orient Yémen
93%
A Apartheid / Mandela Afrique du Sud
92%
C Narcos / Cartel / Escobar Colombie
92%
N Afrique / Pays le plus peuplé Nigéria
91%
U Guerre / Crimée Ukraine
91%
M Fête des Morts / Temples Mexique
90%
Z Afrique / Anglophone Zambie
87%
P Pasteis de Nata / Bacalhau Portugal
85%
R Génocide / Tutsis / Hutus Rwanda
83%
V Guerre / USA Vietnam
81%
K Pétrole / Invasion par l'Irak Koweït
79%
L Duché / Europe Luxembourg
78%
O Lac Victoria / Kampala Ouganda
74%
Aucun quiz correspondant
Distribution des résultats
% des personnes avec chaque résultat
Percentile par nombre de réponses
Votre historique - résultats
Vous n’avez pas pris ce quiz depuis la dernière actualisation